000 00577nam a22002297a 4500
003 UA-OsUOA
001 26742
007 ta
008 20040608b un ||||| |||| 00| 0 ukr d
090 _a62
_bН17
942 _cBK
040 _aUA-OsUOA
_brus
_cUA-OsUOA
_dUA-OsUOA
245 _aНадежность и долговечность машин
_cБ.И.Костецкий И.Г.Носовский
300 _a408 с.
955 _a0
041 _arus
080 _a62
260 _aКиев
_bТехніка
_c1975
044 _aUA
650 7 _2UDC
999 _c313070
_d313070